[Event "Hessenliga 1617"]
[Site "Hessen"]
[Date "2017.01.15"]
[Round "5.8"]
[White "Wenner, Frank"]
[Black "Kopp, Peter"]
[Result "1-0"]
[WhiteElo "2095"]
[BlackElo "2055"]
[PlyCount "65"]
[EventDate "2016.09.18"]
[EventType "team-tourn"]
[EventRounds "9"]
[EventCountry "GER"]
[SourceTitle "EXT 2018"]
[Source "ChessBase"]
[SourceDate "2017.10.13"]
[SourceVersion "1"]
[SourceVersionDate "2017.10.13"]
[SourceQuality "1"]
[WhiteTeam "Gernsheim"]
[BlackTeam "Hofheim II"]
[WhiteTeamCountry "GER"]
[BlackTeamCountry "GER"]

1. Nf3 d6 2. c4 e5 3. Nc3 Nf6 4. d4 exd4 5. Nxd4 Nc6 6. g3 Be7 7. Bg2 Nxd4 8. Qxd4 c6 9. 0-0 0-0 10. Rd1 Qa5 11. e4 Rd8 12. h3 Be6 13. Rb1 Qc5 14. b3 Qxd4 15. Rxd4 a5 16. Ba3 c5 17. Rd2 Ne8 18. Rbd1 Kf8 19. e5 Rac8 20. Bxb7 Rb8 21. exd6 Bf6 22. Ne4 Rxb7 23. Nxc5 Rbd7 24. Nxd7+ Bxd7 25. Rd5 Ra8 26. Re1 Bd8 27. g4 a4 28. Rde5 Nf6 29. b4 Be6 30. c5 Bd7 31. b5 Bxb5 32. c6 Ba5 33. d7+ 1-0

[Event "Hessenliga 1617"]
[Site "Hessen"]
[Date "2016.11.06"]
[Round "3.6"]
[White "Egenolf, Dirk"]
[Black "Kopp, Peter"]
[Result "1/2-1/2"]
[WhiteElo "1995"]
[BlackElo "2055"]
[PlyCount "47"]
[EventDate "2016.09.18"]
[EventType "team-tourn"]
[EventRounds "9"]
[EventCountry "GER"]
[SourceTitle "EXT 2018"]
[Source "ChessBase"]
[SourceDate "2017.10.13"]
[SourceVersion "1"]
[SourceVersionDate "2017.10.13"]
[SourceQuality "1"]
[WhiteTeam "Niederbrechen"]
[BlackTeam "Hofheim II"]
[WhiteTeamCountry "GER"]
[BlackTeamCountry "GER"]

1. e4 c5 2. Nf3 Nc6 3. d3 g6 4. g3 Bg7 5. Bg2 d6 6. 0-0 e5 7. Be3 Nge7 8. Qd2 0-0 9. Bh6 b6 10. Bxg7 Kxg7 11. Na3 h6 12. Rfe1 Qd7 13. c3 Bb7 14. d4 Rad8 15. Rad1 Qc8 16. d5 Nb8 17. c4 Qd7 18. b3 Bc8 19. Nc2 Na6 20. Ne3 Ng8 21. Nh4 Qe7 22. Rf1 Rde8 23. Rde1 Kh7 24. a3 1/2-1/2

[Event "Hessen-ch Seniors op 12th"]
[Site "Bad Sooden-Allendorf"]
[Date "2016.05.05"]
[Round "6"]
[White "Ghijsen, Pim"]
[Black "Kopp, Peter"]
[Result "1-0"]
[WhiteElo "2180"]
[BlackElo "2078"]
[PlyCount "75"]
[EventDate "2016.04.30"]
[EventType "swiss"]
[EventRounds "9"]
[EventCountry "GER"]
[SourceTitle "EXT 2019"]
[Source "ChessBase"]
[SourceDate "2018.10.10"]
[SourceVersion "1"]
[SourceVersionDate "2018.10.10"]
[SourceQuality "1"]

1. d4 Nf6 2. Nf3 d6 3. g3 g6 4. Bg2 Bg7 5. 0-0 0-0 6. Nbd2 Nbd7 7. e4 e5 8. c3 Re8 9. Re1 c6 10. dxe5 Nxe5 11. Nxe5 dxe5 12. Nc4 Qc7 13. Qd6 Qxd6 14. Nxd6 Rd8 15. Nxc8 Raxc8 16. Be3 b6 17. Rad1 h6 18. h4 Kf8 19. f3 Ke8 20. Bf1 Rxd1 21. Rxd1 Rd8 22. Rxd8+ Kxd8 23. Bc4 Ke8 24. a4 Bf8 25. b4 Nd7 26. Kf1 h5 27. Ke2 c5 28. Bd2 Bd6 29. Kd3 Ke7 30. Bd5 f6 31. Kc4 cxb4 32. cxb4 Nb8 33. Kb5 Bc7 34. Bb7 Kd6 35. a5 Nd7 36. Be3 bxa5 37. bxa5 Bb8 38. Bd5 1-0

[Event "Hessen-ch Seniors op 12th"]
[Site "Bad Sooden-Allendorf"]
[Date "2016.05.03"]
[Round "4"]
[White "Walther, Gerd"]
[Black "Kopp, Peter"]
[Result "0-1"]
[WhiteElo "1947"]
[BlackElo "2078"]
[PlyCount "44"]
[EventDate "2016.04.30"]
[EventType "swiss"]
[EventRounds "9"]
[EventCountry "GER"]
[SourceTitle "EXT 2019"]
[Source "ChessBase"]
[SourceDate "2018.10.10"]
[SourceVersion "1"]
[SourceVersionDate "2018.10.10"]
[SourceQuality "1"]

1. d4 Nf6 2. Nf3 d6 3. Bg5 Nbd7 4. Nbd2 g6 5. c3 Bg7 6. e4 e5 7. Bc4 0-0 8. 0-0 h6 9. Bh4 c6 10. dxe5 dxe5 11. a4 a5 12. Ba2 Qc7 13. Qe2 Re8 14. Rad1 Nb6 15. Bb3 Nfd7 16. Nc4 Nxc4 17. Qxc4 Nb6 18. Qc5 Bf8 19. Qe3 Kg7 20. Rd2 Be6 21. Bxe6 Rxe6 22. Rfd1 Nc4 0-1

[Event "Hessen-ch Seniors op 12th"]
[Site "Bad Sooden-Allendorf"]
[Date "2016.05.02"]
[Round "3"]
[White "Kopp, Peter"]
[Black "Frieser, Klaus"]
[Result "0-1"]
[WhiteElo "2078"]
[BlackElo "2158"]
[PlyCount "98"]
[EventDate "2016.04.30"]
[EventType "swiss"]
[EventRounds "9"]
[EventCountry "GER"]
[SourceTitle "EXT 2019"]
[Source "ChessBase"]
[SourceDate "2018.10.10"]
[SourceVersion "1"]
[SourceVersionDate "2018.10.10"]
[SourceQuality "1"]

1. Nf3 d5 2. g3 c6 3. Bg2 Nf6 4. d3 Nbd7 5. Nbd2 e5 6. e4 dxe4 7. dxe4 Bc5 8. 0-0 0-0 9. h3 Re8 10. c3 a5 11. a4 Qc7 12. Qc2 Nf8 13. Nb3 Bb6 14. Re1 h6 15. Be3 Be6 16. Nfd2 Bxe3 17. Rxe3 Rad8 18. Bf1 b6 19. Kh2 Rd7 20. Rd3 Red8 21. Rxd7 Rxd7 22. Nc4 Ng6 23. Re1 Qd8 24. Ncd2 b5 25. Nb1 Qb6 26. Kg2 bxa4 27. Nc1 h5 28. c4 Qb4 29. Nc3 h4 30. Nd3 Qe7 31. Nxa4 hxg3 32. fxg3 Nh5 33. Nac5 Rd4 34. Nxe6 Qxe6 35. Nf2 Qf6 36. Qc1 Qd8 37. c5 Rd2 38. Rd1 Rxd1 39. Qxd1 Qxd1 40. Nxd1 Nf6 41. Nc3 Nf8 42. Ba6 Ne6 43. Bb7 Nd4 44. Nd5 Nxe4 45. Ne7+ Kf8 46. Nxc6 Nxc6 47. Bxc6 Nxc5 48. Bd5 Ke7 49. g4 Nd3 0-1

[Event "Hofheim Spring op-A 4th"]
[Site "Hofheim"]
[Date "2016.04.02"]
[Round "9"]
[White "Kopp, Peter"]
[Black "Kuhn, Gerhard"]
[Result "1/2-1/2"]
[WhiteElo "2078"]
[BlackElo "1937"]
[PlyCount "36"]
[EventDate "2016.03.29"]
[EventType "swiss"]
[EventRounds "9"]
[EventCountry "GER"]
[SourceTitle "EXT 2017"]
[Source "ChessBase"]
[SourceDate "2016.10.25"]
[SourceVersion "1"]
[SourceVersionDate "2016.10.25"]
[SourceQuality "1"]

1. e4 c6 2. d4 d5 3. Nc3 dxe4 4. Nxe4 Bf5 5. Ng3 Bg6 6. h4 h6 7. h5 Bh7 8. Nf3 Nd7 9. Bd3 Bxd3 10. Qxd3 e6 11. Bf4 Qa5+ 12. Bd2 Qc7 13. 0-0-0 Ngf6 14. Ne2 0-0-0 15. Bf4 Bd6 16. Bxd6 Qxd6 17. Rh4 Rhe8 18. g3 Qc7 1/2-1/2

[Event "Hofheim Spring op-A 4th"]
[Site "Hofheim"]
[Date "2016.03.31"]
[Round "4"]
[White "Lehnert, Michael"]
[Black "Kopp, Peter"]
[Result "1/2-1/2"]
[WhiteElo "1974"]
[BlackElo "2078"]
[PlyCount "88"]
[EventDate "2016.03.29"]
[EventType "swiss"]
[EventRounds "9"]
[EventCountry "GER"]
[SourceTitle "CBM 171 Extra"]
[Source "ChessBase"]
[SourceDate "2016.04.26"]
[SourceVersion "1"]
[SourceVersionDate "2016.04.26"]
[SourceQuality "1"]

1. f4 Nf6 2. Nf3 g6 3. b3 Bg7 4. Bb2 0-0 5. e3 c5 6. Be2 b6 7. d4 Bb7 8. c4 cxd4 9. exd4 d5 10. Ne5 Ne4 11. cxd5 Bxd5 12. 0-0 Nc6 13. f5 e6 14. Nxc6 Bxc6 15. fxe6 fxe6 16. Bf3 Bd5 17. Qd3 Ng5 18. Nd2 Nxf3+ 19. gxf3 Qh4 20. Ne4 Rf4 21. Ba3 Rc8 22. Rac1 Rxc1 23. Rxc1 Bxe4 24. fxe4 Qf2+ 25. Kh1 Bxd4 26. Rc8+ Kg7 27. Rc7+ Rf7 28. Rxf7+ Kxf7 29. Qd1 e5 30. h3 Qxa2 31. Qf3+ Ke8 32. Qf8+ Kd7 33. Qd6+ Kc8 34. Qc6+ Kd8 35. Qa8+ Kc7 36. Qxa7+ Kc6 37. Qa8+ Kd7 38. Qb7+ Kd8 39. Qd5+ Kc8 40. Qa8+ Kd7 41. Qb7+ Kd8 42. Qb8+ Kd7 43. Qd6+ Kc8 44. Qc6+ Kd8 1/2-1/2

[Event "Hofheim Spring op-A 4th"]
[Site "Hofheim"]
[Date "2016.03.29"]
[Round "1"]
[White "Kopp, Peter"]
[Black "Huschens, Matthias"]
[Result "1-0"]
[WhiteElo "2078"]
[BlackElo "1929"]
[PlyCount "119"]
[EventDate "2016.03.29"]
[EventType "swiss"]
[EventRounds "9"]
[EventCountry "GER"]
[SourceTitle "CBM 171 Extra"]
[Source "ChessBase"]
[SourceDate "2016.04.26"]
[SourceVersion "1"]
[SourceVersionDate "2016.04.26"]
[SourceQuality "1"]

1. Nf3 Nf6 2. d3 d5 3. Nbd2 c5 4. e4 e6 5. g3 Nc6 6. Bg2 Be7 7. 0-0 b5 8. Re1 0-0 9. e5 Nd7 10. Nf1 a5 11. h4 b4 12. Bf4 a4 13. N1h2 a3 14. b3 Na7 15. h5 Nb5 16. Ng4 Ba6 17. Qd2 Rc8 18. h6 g6 19. Bg5 Nc3 20. Qf4 c4 21. Bxe7 Qxe7 22. dxc4 dxc4 23. Nd4 cxb3 24. cxb3 Nc5 25. Bf1 Bxf1 26. Rxf1 Rfd8 27. Kh2 N5e4 28. Qe3 Qc5 29. Nc2 Qxe3 30. Ngxe3 Rb8 31. Nc4 Nd2 32. Rfc1 Nxc4 33. bxc4 Rd3 34. Kg2 Kf8 35. Ne3 Rc8 36. Rc2 Ke7 37. Rh1 Rxe3 38. fxe3 Rxc4 39. Rf1 Nd5 40. Rxc4 Nxe3+ 41. Kh3 Nxc4 42. Rf4 Nxe5 43. Rxb4 Nc6 44. Ra4 e5 45. Rxa3 e4 46. Ra8 Ne5 47. Ra4 f5 48. Ra7+ Nd7 49. a4 Kd6 50. a5 g5 51. Kg2 f4 52. gxf4 gxf4 53. a6 Ne5 54. Rxh7 f3+ 55. Kf2 Ng4+ 56. Ke1 Ne5 57. Rf7 Nxf7 58. a7 Nxh6 59. a8Q Ke5 60. Qh8+ 1-0

[Event "GER-chT Seniors 24th"]
[Site "Berlin"]
[Date "2015.09.11"]
[Round "6.4"]
[White "Neese, Hans Joachim"]
[Black "Kopp, Peter"]
[Result "1/2-1/2"]
[WhiteElo "2175"]
[BlackElo "2042"]
[PlyCount "106"]
[EventDate "2015.09.06"]
[EventType "team-swiss"]
[EventRounds "7"]
[EventCountry "GER"]
[SourceTitle "EXT 2018"]
[Source "ChessBase"]
[SourceDate "2017.10.13"]
[SourceVersion "1"]
[SourceVersionDate "2017.10.13"]
[SourceQuality "1"]

1. d4 Nf6 2. c4 d6 3. Nc3 e5 4. e3 Nbd7 5. Nf3 c6 6. Be2 Be7 7. 0-0 0-0 8. b4 a5 9. b5 Qc7 10. a4 Re8 11. Qc2 g6 12. Ba3 Bf8 13. Rac1 Nb6 14. dxe5 dxe5 15. Bxf8 Kxf8 16. c5 Nbd5 17. Rfd1 Bf5 18. Nxd5 Nxd5 19. e4 Nb4 20. Qb1 Bg4 21. Rd6 Bxf3 22. Bxf3 Rad8 23. b6 Qe7 24. Rcd1 Rxd6 25. cxd6 Qe6 26. Qc1 Rd8 27. Qc5 Na6 28. Qxa5 Rxd6 29. Rc1 c5 30. Be2 Rxb6 31. Bxa6 Rxa6 32. Qxc5+ Kg7 33. Qb5 Rb6 34. Qa5 f6 35. Rc7+ Kh6 36. Qd2+ g5 37. h3 Rd6 38. Qe2 Rd7 39. Qc2 Kg6 40. g4 h5 41. Rxd7 Qxd7 42. gxh5+ Kxh5 43. Qb3 g4 44. Kh2 gxh3 45. Qxh3+ Qxh3+ 46. Kxh3 Kg5 47. Kg3 f5 48. exf5 Kxf5 49. Kf3 e4+ 50. Ke3 Ke5 51. a5 Kd5 52. Kf4 Kd4 53. Kf5 Kd5 1/2-1/2

[Event "Hessen-ch Seniors op 11th"]
[Site "Bad Sooden-Allendorf"]
[Date "2015.05.14"]
[Round "6"]
[White "Kopp, Peter"]
[Black "Thieme, Wolfgang"]
[Result "1-0"]
[WhiteElo "2018"]
[BlackElo "1941"]
[PlyCount "93"]
[EventDate "2015.05.09"]
[EventType "swiss"]
[EventRounds "9"]
[EventCountry "GER"]
[SourceTitle "EXT 2018"]
[Source "ChessBase"]
[SourceDate "2017.10.13"]
[SourceVersion "1"]
[SourceVersionDate "2017.10.13"]
[SourceQuality "1"]

1. e4 c5 2. Nf3 e6 3. d3 d5 4. Nbd2 Nc6 5. g3 Bd6 6. Bg2 Nf6 7. 0-0 0-0 8. Re1 Qc7 9. c3 Rd8 10. Qe2 dxe4 11. dxe4 e5 12. Nc4 Be7 13. Bg5 Bg4 14. Bxf6 Bxf6 15. Ne3 Be6 16. Nd2 Ne7 17. c4 Bg5 18. Nd5 Bxd5 19. exd5 Bxd2 20. Qxd2 Qd6 21. Qe2 Ng6 22. Be4 Re8 23. Bxg6 hxg6 24. Qd2 Re7 25. Re2 Rae8 26. Rae1 b6 27. Kg2 e4 28. Qg5 Re5 29. Qf4 g5 30. Qe3 f5 31. Qxg5 Rf8 32. Qf4 Qf6 33. h4 Rfe8 34. b3 Rd8 35. f3 exf3+ 36. Kxf3 Rxe2 37. Rxe2 Qa1 38. Kg2 Qf6 39. Qe5 Rd6 40. Qxf6 Rxf6 41. Kf3 Kf7 42. Kf4 g6 43. Kg5 a6 44. Re6 Rxe6 45. dxe6+ Kxe6 46. Kxg6 b5 47. h5 1-0

[Event "Hofheim Spring op-A 3rd"]
[Site "Hofheim"]
[Date "2015.04.10"]
[Round "7"]
[White "Kopp, Peter"]
[Black "Klein, Gernot"]
[Result "1-0"]
[WhiteElo "2054"]
[BlackElo "1987"]
[PlyCount "113"]
[EventDate "2015.04.07"]
[EventType "swiss"]
[EventRounds "9"]
[EventCountry "GER"]
[SourceTitle "CBM 166 Extra"]
[Source "ChessBase"]
[SourceDate "2015.06.18"]
[SourceVersion "1"]
[SourceVersionDate "2015.06.18"]
[SourceQuality "1"]

1. e4 c5 2. c3 d5 3. exd5 Qxd5 4. d4 Nf6 5. Nf3 e6 6. Be2 Nc6 7. 0-0 Be7 8. c4 Qd8 9. dxc5 Qxd1 10. Rxd1 Bxc5 11. Nc3 0-0 12. Bg5 Ng4 13. Ne4 Bb6 14. Bh4 Nge5 15. Nxe5 Nxe5 16. c5 Ba5 17. a3 Ng6 18. Bg3 e5 19. Nd6 Bc7 20. Nxc8 Raxc8 21. Rd7 Bb8 22. b4 Nf4 23. Bxf4 exf4 24. Rxb7 Rc7 25. Bf3 Rxb7 26. Bxb7 Rd8 27. Kf1 Be5 28. Ra2 Kf8 29. Ke2 Ke7 30. Bc6 Rd4 31. f3 Kd8 32. Rd2 Kc7 33. Bb5 h6 34. Be8 f6 35. Rxd4 Bxd4 36. Kd3 Be5 37. Kc4 Kd8 38. Bc6 Kc7 39. Be4 g5 40. b5 Bb2 41. a4 Bc1 42. a5 Bd2 43. b6+ Kb8 44. Kb5 Bc3 45. Ka6 axb6 46. cxb6 h5 47. Kb5 Bxa5 48. Kxa5 g4 49. Kb5 h4 50. h3 gxf3 51. gxf3 Kc8 52. Ka6 Kb8 53. Bd5 f5 54. Bc6 Kc8 55. Ka7 Kd8 56. b7 Kc7 57. Bb5 1-0

[Event "Hofheim Spring op-A 3rd"]
[Site "Hofheim"]
[Date "2015.04.07"]
[Round "1"]
[White "Kopp, Peter"]
[Black "Keymer, Vincent"]
[Result "0-1"]
[WhiteElo "2054"]
[BlackElo "2364"]
[PlyCount "56"]
[EventDate "2015.04.07"]
[EventType "swiss"]
[EventRounds "9"]
[EventCountry "GER"]
[SourceTitle "CBM 166 Extra"]
[Source "ChessBase"]
[SourceDate "2015.06.18"]
[SourceVersion "1"]
[SourceVersionDate "2015.06.18"]
[SourceQuality "1"]

1. Nf3 d5 2. g3 c6 3. Bg2 Bg4 4. h3 Bh5 5. d3 Nd7 6. Nbd2 Ngf6 7. 0-0 e6 8. e4 dxe4 9. dxe4 Qc7 10. Re1 Bc5 11. Nb3 Bb6 12. Bf4 e5 13. Be3 Bxe3 14. Rxe3 0-0-0 15. Qe1 Bxf3 16. Bxf3 h5 17. Qa5 Qxa5 18. Nxa5 h4 19. g4 Nb6 20. Be2 Rd4 21. f3 Rhd8 22. Rd3 Rxd3 23. Bxd3 Nh7 24. Kf2 Ng5 25. Ke3 Nxh3 26. Bc4 f6 27. Bf7 Nf4 28. Nb3 Rf8 0-1

[Event "GER-chT Seniors 23rd"]
[Site "Bergen"]
[Date "2014.09.07"]
[Round "7.3"]
[White "Borchert, Ulf"]
[Black "Kopp, Peter"]
[Result "0-1"]
[WhiteElo "2020"]
[BlackElo "2043"]
[PlyCount "130"]
[EventDate "2014.09.01"]
[EventType "team-swiss"]
[EventRounds "7"]
[EventCountry "GER"]
[SourceTitle "EXT 2018"]
[Source "ChessBase"]
[SourceDate "2017.10.13"]
[SourceVersion "1"]
[SourceVersionDate "2017.10.13"]
[SourceQuality "1"]

1. d4 Nf6 2. Nf3 g6 3. Bg5 Bg7 4. e3 0-0 5. Bd3 c5 6. c3 b6 7. 0-0 Bb7 8. Nbd2 d5 9. Re1 Ne4 10. Bf4 Nxd2 11. Qxd2 Nd7 12. Rad1 Rc8 13. Qe2 c4 14. Bb1 Nf6 15. Be5 e6 16. Nd2 Bh6 17. Bxf6 Qxf6 18. f4 Qe7 19. Rf1 f5 20. Rf3 Kh8 21. h4 Bg7 22. Rh3 Bf6 23. Qf2 h5 24. Nf3 Kg7 25. Rg3 Bc6 26. Ng5 Bxg5 27. Rxg5 Kf7 28. Bc2 Qe8 29. Rc1 Ba4 30. b3 cxb3 31. axb3 Bb5 32. Bd1 Rh8 33. Qg3 Qg8 34. Qe1 Kf6 35. Rg3 a5 36. Be2 Bxe2 37. Qxe2 Qe8 38. Qa2 Qb5 39. c4 Qb4 40. Rf3 a4 41. Qxa4 Qxa4 42. bxa4 Rxc4 43. Rxc4 dxc4 44. Rf2 Ra8 45. Rb2 Rxa4 46. Rxb6 Ke7 47. Rc6 Kd7 48. Rc5 Ra1+ 49. Kf2 Ra2+ 50. Kf3 Rc2 51. Kg3 Kd6 52. Rc8 c3 53. Rc5 Rc1 54. Kf2 c2 55. Ke2 Rg1 56. Rxc2 Rxg2+ 57. Kd3 Rg1 58. Ra2 Rh1 59. Rg2 Rxh4 60. Rxg6 Rh1 61. Rh6 h4 62. Ke2 h3 63. Kf2 h2 64. Rh8 Kd5 65. Rh6 Rd1 0-1

[Event "GER-chT Seniors 23rd"]
[Site "Bergen"]
[Date "2014.09.04"]
[Round "5.3"]
[White "Kopp, Peter"]
[Black "Just, Joachim"]
[Result "1-0"]
[WhiteElo "2043"]
[BlackElo "1962"]
[PlyCount "139"]
[EventDate "2014.09.01"]
[EventType "team-swiss"]
[EventRounds "7"]
[EventCountry "GER"]
[SourceTitle "EXT 2018"]
[Source "ChessBase"]
[SourceDate "2017.10.13"]
[SourceVersion "1"]
[SourceVersionDate "2017.10.13"]
[SourceQuality "1"]

1. e4 g6 2. d3 Bg7 3. g3 c6 4. Bg2 d5 5. Nd2 Nf6 6. Ngf3 Bg4 7. h3 Bxf3 8. Bxf3 dxe4 9. dxe4 Nbd7 10. 0-0 0-0 11. Re1 Qc7 12. Qe2 Rad8 13. Bg2 e5 14. Nb3 Rfe8 15. a4 Bf8 16. Be3 b6 17. c3 Be7 18. Red1 Nf8 19. Qa6 Ne6 20. a5 Rxd1+ 21. Rxd1 Nd7 22. axb6 axb6 23. Bf1 Ndc5 24. Nxc5 Bxc5 25. Qe2 Bxe3 26. Qxe3 Rd8 27. Rxd8+ Qxd8 28. Bc4 Nf8 29. Kg2 Kg7 30. b4 h6 31. Bb3 Qc7 32. Qd3 Ne6 33. Bxe6 fxe6 34. c4 Qe7 35. h4 Qc7 36. c5 bxc5 37. bxc5 Kf7 38. Kf3 Qe7 39. Qc3 Qf6+ 40. Kg2 g5 41. hxg5 Qxg5 42. Qb2 Qg6 43. Qxe5 h5 44. f3 Kg8 45. Qb8+ Kh7 46. Qc7+ Kh6 47. Qxc6 h4 48. Qd6 Kh7 49. Qe7+ Kg8 50. Qxh4 Kf7 51. Qd8 Qh5 52. Qd6 Qh8 53. Qf4+ Kg6 54. e5 Qc8 55. Qe4+ Kg7 56. c6 Kh6 57. Qh4+ Kg7 58. Qe7+ Kg6 59. Qd7 Qa6 60. Qxe6+ Kg7 61. Qf6+ Kh7 62. c7 Qe2+ 63. Kh3 Qf1+ 64. Kg4 Qc4+ 65. f4 Qxc7 66. e6 Qc1 67. e7 Qe3 68. Qe5 Qb6 69. e8Q Qe6+ 70. Q5xe6 1-0

[Event "Hessen-ch Seniors op 10th"]
[Site "Bad Sooden-Allendorf"]
[Date "2014.04.28"]
[Round "3"]
[White "Lueders, Guenter"]
[Black "Kopp, Peter"]
[Result "0-1"]
[WhiteElo "1886"]
[BlackElo "2059"]
[PlyCount "50"]
[EventDate "2014.04.26"]
[EventType "swiss"]
[EventRounds "9"]
[EventCountry "GER"]
[SourceTitle "EXT 2018"]
[Source "ChessBase"]
[SourceDate "2017.10.13"]
[SourceVersion "1"]
[SourceVersionDate "2017.10.13"]
[SourceQuality "1"]

1. d4 Nf6 2. Nf3 g6 3. Bf4 Bg7 4. Nbd2 d6 5. h3 0-0 6. e3 Nbd7 7. Be2 Re8 8. c3 e5 9. dxe5 dxe5 10. Bh2 e4 11. Nd4 a6 12. 0-0 h5 13. Re1 c5 14. N4b3 b6 15. Nf1 Bb7 16. Qc2 Qe7 17. Rad1 Ne5 18. Nc1 h4 19. Rd2 Qe6 20. b3 Nf3+ 21. Bxf3 exf3 22. g4 hxg3 23. fxg3 Qxh3 24. Nd3 g5 25. Red1 Ne4 0-1

[Event "Hessen-ch Seniors op 10th"]
[Site "Bad Sooden-Allendorf"]
[Date "2014.04.26"]
[Round "1"]
[White "Narr, Irmgard"]
[Black "Kopp, Peter"]
[Result "0-1"]
[WhiteElo "1761"]
[BlackElo "2059"]
[PlyCount "96"]
[EventDate "2014.04.26"]
[EventType "swiss"]
[EventRounds "9"]
[EventCountry "GER"]
[SourceTitle "EXT 2018"]
[Source "ChessBase"]
[SourceDate "2017.10.13"]
[SourceVersion "1"]
[SourceVersionDate "2017.10.13"]
[SourceQuality "1"]

1. e4 c6 2. Nf3 d5 3. exd5 cxd5 4. d4 Nc6 5. Bd3 Bg4 6. c3 e6 7. Bf4 Nf6 8. Nbd2 Be7 9. Qb3 Qc8 10. 0-0 0-0 11. Qc2 Bh5 12. Rfe1 Bg6 13. Bxg6 hxg6 14. Nf1 Nh5 15. Be3 Qc7 16. Rad1 Rac8 17. Bc1 Bd6 18. Ng5 Bf4 19. Nh3 Bh6 20. Bxh6 gxh6 21. Qd2 Kg7 22. Qe2 Nf4 23. Qg4 Nxh3+ 24. Qxh3 Qf4 25. Ne3 b5 26. a3 a5 27. g3 Qf3 28. Ng4 h5 29. Ne5 Nxe5 30. dxe5 Rc4 31. Rd4 Rxd4 32. cxd4 Rc8 33. Qh4 Rc2 34. Qf6+ Qxf6 35. exf6+ Kxf6 36. b4 axb4 37. axb4 Rb2 38. Re3 Rxb4 39. Rf3+ Ke7 40. Rd3 Rb1+ 41. Kg2 b4 42. Kf3 b3 43. Rd2 Kd6 44. Ke2 Kc6 45. Kd3 Kb5 46. Kc3 Ka4 47. Rd3 Rc1+ 48. Kd2 b2 0-1

[Event "Hessen-ch Seniors op 09th"]
[Site "Bad Sooden-Allendorf"]
[Date "2013.04.28"]
[Round "9"]
[White "Kopp, Peter"]
[Black "Ripoll, Luis"]
[Result "1/2-1/2"]
[WhiteElo "2096"]
[BlackElo "1927"]
[PlyCount "93"]
[EventDate "2013.04.20"]
[EventType "swiss"]
[EventRounds "9"]
[EventCountry "GER"]
[SourceTitle "EXT 2019"]
[Source "ChessBase"]
[SourceDate "2018.10.10"]
[SourceVersion "1"]
[SourceVersionDate "2018.10.10"]
[SourceQuality "1"]

1. e4 c5 2. c3 d6 3. d4 cxd4 4. cxd4 Nf6 5. Nc3 e6 6. Nf3 Be7 7. Bd3 Nc6 8. 0-0 0-0 9. h3 e5 10. d5 Nb8 11. Be3 Nbd7 12. b4 Nh5 13. Qd2 Nf4 14. Bxf4 exf4 15. Qxf4 Ne5 16. Qe3 Nxf3+ 17. Qxf3 Bf6 18. Rac1 a6 19. Qe3 Bd7 20. Ne2 Re8 21. Kh1 g6 22. f3 Bg7 23. Rfd1 Ba4 24. Bc2 Bd7 25. Re1 Bb2 26. Rb1 Bg7 27. Nd4 Qh4 28. Ne2 Rac8 29. Bd3 f5 30. Qf4 Qxf4 31. Nxf4 Be5 32. Ne2 fxe4 33. Bxe4 Bb5 34. Nc1 Bg3 35. Rd1 Rc3 36. Nb3 Ba4 37. Rdc1 Rec8 38. Rxc3 Rxc3 39. Na5 Rc7 40. Bd3 Kg7 41. Kg1 Kf6 42. Kf1 Ke5 43. Ke2 Kd4 44. Be4 Bb5+ 45. Kd1 Ba4+ 46. Ke2 Bb5+ 47. Kd1 1/2-1/2

[Event "Hessen-ch Seniors op 09th"]
[Site "Bad Sooden-Allendorf"]
[Date "2013.04.27"]
[Round "8"]
[White "Knaak, Joachim"]
[Black "Kopp, Peter"]
[Result "1-0"]
[WhiteElo "2202"]
[BlackElo "2096"]
[PlyCount "89"]
[EventDate "2013.04.20"]
[EventType "swiss"]
[EventRounds "9"]
[EventCountry "GER"]
[SourceTitle "EXT 2019"]
[Source "ChessBase"]
[SourceDate "2018.10.10"]
[SourceVersion "1"]
[SourceVersionDate "2018.10.10"]
[SourceQuality "1"]

1. d4 Nf6 2. c4 g6 3. Nc3 Bg7 4. e4 d6 5. f3 0-0 6. Be3 Nc6 7. Nge2 a6 8. Rc1 Rb8 9. Qd2 b5 10. cxb5 axb5 11. Nxb5 Rxb5 12. Rxc6 Bd7 13. Rc2 Qa8 14. Nc3 Rb7 15. Bc4 c6 16. 0-0 Qa5 17. Bb3 Rc8 18. Rfc1 e6 19. d5 exd5 20. Nxd5 Qxd2 21. Nxf6+ Bxf6 22. Rxd2 c5 23. Rxd6 Bxb2 24. Rxc5 Rxc5 25. Bxc5 Rc7 26. Bb6 Rc1+ 27. Rd1 Rxd1+ 28. Bxd1 Ba3 29. Kf2 Kf8 30. Ke3 Ke7 31. Bb3 h5 32. g3 g5 33. Kd3 h4 34. Be3 f6 35. gxh4 gxh4 36. f4 Bg4 37. Bf2 h3 38. Bh4 Bc5 39. e5 Bf5+ 40. Kc3 Bg1 41. exf6+ Kf8 42. Bg5 Bg6 43. Bh6+ Ke8 44. f5 Bf7 45. Bf4 1-0

[Event "Hofheim Spring op-A 1st"]
[Site "Hofheim"]
[Date "2013.04.08"]
[Round "9"]
[White "Kopp, Peter"]
[Black "Zweschper, Erich"]
[Result "0-1"]
[WhiteElo "2096"]
[BlackElo "2162"]
[PlyCount "68"]
[EventDate "2013.04.02"]
[EventType "swiss"]
[EventRounds "9"]
[EventCountry "GER"]
[SourceTitle "CBM 153 Extra"]
[Source "ChessBase"]
[SourceDate "2013.04.22"]
[SourceVersion "1"]
[SourceVersionDate "2013.04.22"]
[SourceQuality "1"]

1. e4 e5 2. Nf3 Nf6 3. Nxe5 d6 4. Nxf7 Kxf7 5. d4 c6 6. Nc3 Be7 7. Bc4+ Be6 8. Bxe6+ Kxe6 9. 0-0 Kf7 10. f4 Rf8 11. e5 Nd5 12. Nxd5 cxd5 13. Qf3 dxe5 14. dxe5 Nc6 15. Kh1 Kg8 16. Qd3 Qd7 17. Bd2 Bc5 18. Rae1 Rae8 19. c3 a5 20. a3 a4 21. Qb5 b6 22. Qxa4 Nxe5 23. Qc2 Ng4 24. h3 Rxe1 25. Rxe1 Nf2+ 26. Kh2 Ne4 27. Bc1 Qc7 28. g3 Qd7 29. Be3 Bxe3 30. Rxe3 g5 31. Qd1 Qe6 32. Rf3 gxf4 33. Rxf4 Rxf4 34. gxf4 Qxh3+ 0-1

[Event "Hofheim Spring op-A 1st"]
[Site "Hofheim"]
[Date "2013.04.04"]
[Round "4"]
[White "Bingert, Tim Niklas"]
[Black "Kopp, Peter"]
[Result "1-0"]
[WhiteElo "1997"]
[BlackElo "2096"]
[PlyCount "53"]
[EventDate "2013.04.02"]
[EventType "swiss"]
[EventRounds "9"]
[EventCountry "GER"]
[SourceTitle "CBM 153 Extra"]
[Source "ChessBase"]
[SourceDate "2013.04.22"]
[SourceVersion "1"]
[SourceVersionDate "2013.04.22"]
[SourceQuality "1"]

1. e4 c6 2. d4 d5 3. e5 c5 4. Nf3 Nc6 5. dxc5 Bg4 6. Bb5 e6 7. Be3 Nge7 8. c3 Qc7 9. Nbd2 Nf5 10. Bd4 0-0-0 11. Bxc6 Qxc6 12. b4 Be7 13. 0-0 Qa6 14. a4 Qd3 15. Qb1 Qxb1 16. Rfxb1 Bxf3 17. Nxf3 h5 18. b5 Kb8 19. Ne1 Rc8 20. Nd3 Ka8 21. Rb2 Rb8 22. Rab1 Rhc8 23. a5 Bd8 24. b6 Nxd4 25. cxd4 Be7 26. a6 axb6 27. a7 1-0